Shakespeare Plays by Haiku - Statistics

General Stats
  • This quiz has been taken 201 times
  • The average score is 10 of 14
Answer Stats
Haiku Play % Correct
Prince of Denmark, seeks revenge on his uncle, who murdered his dad Hamlet
96%
Two star cross'd lovers, come to meet a tragic end, in fair Verona Romeo and Juliet
96%
A Roman leader, gets stabbed in the back by friends, who needs friends like that? Julius Caesar
89%
Some believe it's cursed, they call it 'The Scottish Play', to avoid bad luck Macbeth
89%
The moor of Venice, his young wife Desdemona, scheming Iago Othello
87%
Oberon and Puck, an Athenian wedding, donkey headed man A Midsummer Night's Dream
84%
An elderly king, gives two faced daughters power, it sends him nutty King Lear
77%
The duke Prospero, with his daughter Miranda, left on an island The Tempest
76%
High school comedy, '10 Things I Hate About You', is based on this play The Taming of the Shrew
59%
Merry war betwixt, Benedick and Beatrice, is hiding their love Much Ado About Nothing
57%
The fat knight Falstaff, tries to woo married women, gets what he deserves The Merry Wives of Windsor
52%
'All the world's a stage', comes from this play set in the, forest of Arden As You Like It
50%
A great general, gets himself banished from Rome, quickly changes sides Coriolanus
36%
A king and three lords, swear to avoid women but, quickly fall in love Love's Labour's Lost
32%
No matching quizzes found
Score Distribution
Percent of People with Each Score
Percentile by Number Answered
Your Score History
You have not taken this quiz